000 00330 a2200109 4500
001 ART_28130
005 20260410161951.0
008 260409a
245 1 0 _aWhy PPP real exchange rates mislead
100 1 _aSjaastad, Larry A.
773 0 _tJournal of applied economics
_g- Vol. 1, NÂș 1 (nov. 1998)
_wREV28044
999 _c30377
_d30377